| 000 | 00669nam a22001937a 4500 | ||
|---|---|---|---|
| 003 | 0 | ||
| 005 | 20160609165300.0 | ||
| 008 | 100118t xxu||||| |||| 00| 0 eng d | ||
| 037 |
_aM15472 _bBIBLIO |
||
| 040 |
_aUAC _bF _cEPAC |
||
| 082 | _a27.ABM/AGO | ||
| 100 |
_aDiane AGOSSOU & Hermione AGOUNDOTE _92864 |
||
| 245 | _aInterêt de l'étude des paramètres biochimiques dans la prise en charge des nouveaux cas suspets de l'ulcère de buruli dans les communes de Lalo et d'Allada | ||
| 260 |
_aEPAC _bBIBLIO _c2007-2008 |
||
| 300 |
_aI-62p _c29cm |
||
| 500 | _aMem Ecole Polytechnique d'Abomey Calavi 2008 | ||
| 650 |
_aULCERE BURILI PARAMETRE _92865 |
||
| 942 | _cTHE | ||
| 999 |
_c46739 _d46739 |
||